00214nam a22000977a 4500082001500000100001100015245003100026260003300057300000800090650001800098 a297.09 ALI aAli, K aA Study of Islamic HIstory aDelhibAdam Publishersc2014 a369 aIslam History